| 000 | 00492nam a2200169Ia 4500 | ||
|---|---|---|---|
| 008 | 240729s9999 xx 000 0 und d | ||
| 022 | _a1544-046X | ||
| 245 | 0 | _aJournal of Natural Fibers | |
| 260 | _aUnited Kingdom | ||
| 260 | _bTaylor & Francis Group | ||
| 650 | _a Chemical technology | ||
| 650 | _a Textile bleaching, dyeing, printing, etc. | ||
| 650 | _aScience | Technology | ||
| 856 | _uhttps://doaj.org/toc/9ffeace229da42ec812bd98b543a839a | ||
| 942 | _2ddc | ||
| 942 | _cDOAJEJ | ||
| 999 |
_c69091 _d69091 |
||
| 945 |
_a1 _bMadushi Gamage _c1 _dMadushi Gamage |
||